000
00285nam a22001217a 4500
999
_c
14010
_d
14010
020
_a
9789695540770
082
_a
954.91
100
_a
Muttahir Ahmed Khan
245
_a
The Spectrum of Pakistan Affairs
260
_a
Lahore
_b
Mavra Publishers
_c
2016
300
_a
256 pages
942
_c
BK